[Event "Mittelrhein Verbandsliga Nord 1920"]
[Site "Mittelrhein"]
[Date "2020.02.16"]
[Round "6.6"]
[White "Hofinger, Thomas"]
[Black "Wenzke, Elias"]
[Result "1/2-1/2"]
[WhiteElo "1808"]
[BlackElo "1702"]
[PlyCount "33"]
[EventDate "2019.09.29"]
[EventType "team-tourn"]
[EventRounds "9"]
[EventCountry "GER"]
[SourceTitle "EXT 2023"]
[Source "ChessBase"]
[SourceDate "2022.10.05"]
[SourceVersion "1"]
[SourceVersionDate "2022.10.05"]
[SourceQuality "1"]
[WhiteTeam "Klub Koelner SF III"]
[BlackTeam "Koeln Muelheim"]
[WhiteTeamCountry "GER"]
[BlackTeamCountry "GER"]

1. e4 e6 2. d3 d5 3. Nd2 c5 4. f4 Nc6 5. Ngf3 Bd6 6. g3 Nge7 7. Bg2 e5 8. fxe5 Nxe5 9. 0-0 0-0 10. Nxe5 Bxe5 11. Nf3 Bc7 12. exd5 Nxd5 13. Ng5 Nf6 14. Ne4 Ng4 15. h3 Qd4+ 16. Kh1 Ne5 17. Rf4 1/2-1/2

[Event "Mittelrhein Regionalliga 1718"]
[Site "Nordrheinwestfalen"]
[Date "2018.02.25"]
[Round "7.8"]
[White "Henseler, Klaus"]
[Black "Hofinger, Thomas"]
[Result "1/2-1/2"]
[WhiteElo "1779"]
[BlackElo "1851"]
[PlyCount "83"]
[EventDate "2017.09.10"]
[EventType "team-tourn"]
[EventRounds "9"]
[EventCountry "GER"]
[SourceTitle "EXT 2022"]
[Source "ChessBase"]
[SourceDate "2021.10.06"]
[SourceVersion "1"]
[SourceVersionDate "2021.10.06"]
[SourceQuality "1"]
[WhiteTeam "Leverkusen SC Bayer"]
[BlackTeam "Klub Koelner SF II"]
[WhiteTeamCountry "GER"]
[BlackTeamCountry "GER"]

1. c4 b6 2. Nc3 Bb7 3. e4 e6 4. g3 g6 5. Bg2 Bg7 6. Nge2 Ne7 7. 0-0 c5 8. d3 Nbc6 9. Bf4 e5 10. Bg5 f6 11. Be3 0-0 12. Qd2 Nd4 13. f4 d6 14. Rf2 Qc7 15. Raf1 Bh6 16. g4 a6 17. Ng3 Ne6 18. Nce2 Nd4 19. g5 Bg7 20. gxf6 Bxf6 21. Bh3 Nec6 22. Nc3 Nb4 23. Qd1 Nbc2 24. Rxc2 Nxc2 25. Qxc2 exf4 26. Rxf4 Be5 27. Rxf8+ Rxf8 28. Be6+ Kh8 29. Nd5 Bxd5 30. exd5 Qg7 31. b3 Rf3 32. Bf2 Qf6 33. Kg2 Qf8 34. Qe2 Rf6 35. Be3 Qg7 36. Ne4 Rf8 37. Qd2 Qc7 38. Bh6 Bg7 39. Bg5 Be5 40. Qe3 b5 41. Qh3 Qa5 42. Nd2 1/2-1/2